Wszystkie Kluby Piłkarskie z Warmińsko-Mazurskiego - Statystyki

Ogólne statystyki
  • Ten quiz został rozwiązany 95 razy
  • Średni wynik to 17 z 143
Statystyki odpowiedzi
Odpowiedź % Poprawnych
Stomil Olsztyn
92%
Olimpia Elbląg
89%
Polonia Lidzbark Warmiński
50%
Mazur Ełk
48%
Concordia Elbląg
45%
GKS Wikielec
45%
Jeziorak Iława
45%
Granica Kętrzyn
39%
Sokół Ostróda
39%
Start Nidzica
36%
Mamry Giżycko
31%
Czarni Olecko
28%
Drwęca Nowe Miasto Lubawskie
28%
Huragan Morąg
28%
Zatoka Braniewo
28%
Motor Lubawa
27%
Naki Olsztyn
27%
Olimpia Olsztynek
27%
Pisa Barczewo
27%
Tęcza Biskupiec
27%
Znicz Biała Piska
27%
GKS Stawiguda
25%
Mrągowia Mragowo
25%
Polonia Iłowo
25%
Rominta Gołdap
25%
Victoria Bartoszyce
23%
Warmia Olsztyn
23%
Stomil II Olsztyn
22%
Constract Lubawa
19%
DKS Dobre Miasto
19%
Vęgoria Węgorzewo
19%
Błękitni Orneta
17%
Błękitni Pasym
17%
Gwardia Szczytno
17%
Mazur Pisz
17%
MKS Korsze
17%
Olimpia II Elbląg
17%
Orlęta Rema Reszel
17%
Kłobuk Mikołajki
16%
Iskra Narzym
14%
Śniardwy Orzysz
14%
MKS Działdowo
13%
Orzeł Janowiec Kościelny
13%
Pomarańcze Korsze
13%
Ewingi Zalewo
11%
LKS Tyrowo
11%
MKS Jeziorany
11%
Rona Ełk
11%
Tęcza Miłomłyn
11%
Unia Susz
11%
Cresovia Górowo Iławeckie
9%
Grunwald Gierzwałd
9%
Łyna Sępopol
9%
Mały Jeziorak Iława
9%
Płomień Turznica
9%
Polonia Pasłęk
9%
Wałsza Pieniężno
9%
Zalew Frombork
9%
Czarni Rudzienice
8%
Jeziorak II Iława
8%
LKS Różnowo
8%
MKS Miłakowo
8%
Olimpia Kisielice
8%
Pogoń Ryn
8%
Start Kozłowo
8%
Syrena Młynary
8%
Torpeda Rożental
8%
Zamek Kurzętnik
8%
Barkas Tolkmicko
6%
Błękitni Stary Olsztyn
6%
Burza Słupy
6%
Dąb Kadyny
6%
Delfin Rybno
6%
Jordan Kazanice
6%
Kormoran Zwierzewo
6%
Mazur Wydminy
6%
Orzeł Ulnowo
6%
Osa Ząbrowo
6%
Ossa Biskupiec
6%
Perkun Orżyny
6%
Warmiak Łukta
6%
Warmianka Bęsia
6%
Zagłada Lisów
6%
Avista Łążyn
5%
FC Dajtki Olsztyn
5%
GKS Szczytno
5%
Iskra Smykówko
5%
Jastrząb Ględy
5%
Jurand Barciany
5%
KS Wojciechy
5%
Leśnik Nowe Ramuki
5%
Mini Soccer Academy Mrągowo
5%
Omulew Wielbark
5%
Piast Wilczęta
5%
Polonia Markusy
5%
Pomowiec Gronowo Elbląskie
5%
Radomniak Radomno
5%
Reduta Bisztynek
5%
Salęt Boże
5%
Vel Dąbrówno
5%
Warmia Wrzesina
5%
Żagiel Piecki
5%
Agat Jegłownik
3%
Colet Kozłowo
3%
Drewneks Sampława
3%
Fortuna Gągławki
3%
GKS Małdyty
3%
GLKS Jonkowo
3%
Kormoran Bynowo
3%
MKS Ruciane-Nida
3%
Orzeł Czerwonka
3%
Start Kruklanki
3%
Szansa Reszel
3%
Tempo Ramsowo Wipsowo
3%
Wilczek Wilkowo
3%
Żabianka Żabi Róg
3%
Żak Jamielnik
3%
Zamek Szymbark
3%
ADP Działdowo
2%
GKS Gietrzwałd-Unieszewo
2%
Granica Zagaje
2%
Gwardia II Szczytno
2%
KS Łęgajny
2%
KS Mroczno
2%
LKS Wel Lidzbark
2%
Łyna II Sępopol
2%
Mewa Smykowo
2%
MKS II Działdowo
2%
Orlęta Rema II Reszel
2%
Orzyc Janowo
2%
Pisa II Barczewo
2%
Pojezierze Prostki
2%
Sparta Kwietniewo
2%
Wicher Gwiździny
2%
Agricola Mierki
0%
GKS II Szczytno
0%
Góra Idzbark
0%
Grunwald II Gierzwałd
0%
KS Wel Bratian
0%
OHI Frednowy
0%
Pogrom Aniołowo
0%
Vęgoria II Węgorzewo
0%
Wałpusza 07 Jesionowiec
0%
Nie znaleziono quizów pasujących do podanych kryteriów
Rozkład punktacji
Procent ludzi z każdym wynikiem
Percentyl według liczby udzielonych odpowiedzi
Twoja historia wyników
Nie rozwiązałeś tego quizu